In situ modification of polyisoprene by organo-nanoclay during emulsion polymerization for reinforcing natural rubber thin films (Record no. 60931)

MARC details
000 -LEADER
fixed length control field 00597nam a2200193Ia 4500
100 ## - MAIN ENTRY--AUTHOR NAME
Personal name Chouytan J
245 #0 - TITLE STATEMENT
Title In situ modification of polyisoprene by organo-nanoclay during emulsion polymerization for reinforcing natural rubber thin films
260 ## - PUBLICATION, DISTRIBUTION, ETC. (IMPRINT)
Name of publisher Polymers
Year of publication 2019
300 ## - PHYSICAL DESCRIPTION
Number of Pages 1338
500 ## - GENERAL NOTE
General note Source Year: 2019
650 ## - SUBJECT ADDED ENTRY--TOPICAL TERM
Topical Term Emulsion polymerization
650 ## - SUBJECT ADDED ENTRY--TOPICAL TERM
Topical Term Organo-nanoclay
700 ## - ADDED ENTRY--PERSONAL NAME
Personal name Fellows C.M
700 ## - ADDED ENTRY--PERSONAL NAME
Personal name Kaewsakul W
700 ## - ADDED ENTRY--PERSONAL NAME
Personal name Kalkornsurapranee E
856 ## - ELECTRONIC LOCATION AND ACCESS
Uniform Resource Identifier Online doi:103390/polym11081338
942 ## - ADDED ENTRY ELEMENTS (KOHA)
Koha item type Journals
Holdings
Withdrawn status Lost status Damaged status Not for loan Home library Current library Shelving location Date acquired Serial Enumeration / chronology Koha item type
      Journals RRII Library RRII Library Rubber technology 17/12/2021 Volume 11, Issue 8 Journals